Co to za logo #4 - Statystyki

Ogólne statystyki
  • Ten quiz został rozwiązany 53 razy
  • Średni wynik to 12 z 16
Statystyki odpowiedzi
Obrazkowy Odpowiedź % Poprawnych
Nike
100%
T-Mobile
100%
Instagram
98%
Android
96%
Gmail
96%
Motorola
94%
PlayStation
92%
Mastercard
88%
Seat
88%
Yahoo
85%
Lacoste
79%
Bic
73%
Rolex
73%
Dunkin' Donuts
42%
Gatorade
42%
Me.Clean
0%
Nie znaleziono quizów pasujących do podanych kryteriów
Rozkład punktacji
Procent ludzi z każdym wynikiem
Percentyl według liczby udzielonych odpowiedzi
Twoja historia wyników
Nie rozwiązałeś tego quizu